00514nam a22001577a 450000500170000001000120001702000260002903700320005508200080008710000180009524500790011326000490019227000750024130000200031670000200033620260311114729.0 aBACEN26 a9789369582341c599.00 bS Chand and Company Limited a420 aSrikant Singh aToppers' Vocabulary :bEnglish-Hindi /cSrikant Singh [and] Vivek Tripathi aNew DelhibS Chand and Company Limitedc2025 aA-27,2nd floor Mohan Co-Operative Industrial EstatebNew Delhie110044 a754P.c27cm(pb) aTripathi ,Vivek